000 00402cam a22001217a 4500
008 180718b1956 xxu||||| |||| 00| 0 eng d
082 _aA81x54 In2/51/56/2
100 _aCensus of India 1951
245 _aBihar: means of livelihood and industries tables on Y-Sample
260 _aDelhi
_bThe Manager of Publications
_c1956
300 _a91+p.
440 _aCensus of India 1951. Bihar. Paper No. 2 of 1956
999 _c483578
_d483578